000 00482nam a2200181Ia 4500
001 18883
005 20260306171703.0
008 260306s9999||||xx |||||||||||||| ||und||
041 _aESP
082 _a658.54
_bC92A
100 _aCruelles Ruiz, José
_eAUT
245 0 _aProductividad e incentivos:
_bcomo hacer que los tiempos de fabricación se cumplan
260 _c2012
300 _a202 páginas :
_c24 cm.
650 _aGEN
654 _aCAN
942 _cLIB
_dJUS
_fJUS
_2ddc
_n
999 _c18883
_d18883